Taking sides : Clashing views in business ethics and society

This volume contains 40 selections, presented in a pro and con format, that debate a total of 20 different controversial issues in business ethics. In this book we ask you, the reader, to examine the accepted practices of business in the light of human needs, justice, rights, and dignity.

Shranjeno v:
Bibliografske podrobnosti
Glavni avtor: Newton , Lisa H.
Format: Knjiga
Jezik:Undetermined
Izdano: New York McGrawHill 2010
Teme:
Oznake: Označite
Brez oznak, prvi označite!
Thư viện lưu trữ: Trung tâm Học liệu Trường Đại học Cần Thơ
LEADER 00912nam a2200217Ia 4500
001 CTU_179539
008 210402s9999 xx 000 0 und d
020 |c 37.89 
082 |a 174.4 
082 |b N561 
100 |a Newton , Lisa H. 
245 0 |a Taking sides : 
245 0 |b Clashing views in business ethics and society 
245 0 |c Lisa H.Newton , Elaine E.Englehardt , Michael S.Pritchardt 
260 |a New York 
260 |b McGrawHill 
260 |c 2010 
520 |a This volume contains 40 selections, presented in a pro and con format, that debate a total of 20 different controversial issues in business ethics. In this book we ask you, the reader, to examine the accepted practices of business in the light of human needs, justice, rights, and dignity. 
650 |a Business ethics,Đạo đức kinh doanh 
904 |i Phuong 
980 |a Trung tâm Học liệu Trường Đại học Cần Thơ